| 000 | 01277nam a22002537a 4500 | ||
|---|---|---|---|
| 005 | 20170124103119.0 | ||
| 010 | _aB-137776 | ||
| 020 | _c250.00 | ||
| 035 | _aB-137776 | ||
| 037 | _bCen Lib/Ret | ||
| 040 |
_aDPL _bHN |
||
| 082 |
_a363.7 _bनिशांत |
||
| 100 |
_aनिशांतकेतु, आचार्य _95721 |
||
| 245 |
_aजंगल,जानवर और आदमी : _cआचार्य निशांतकेतु _bपर्यावरण-परिरक्षण तथा प्रदूषण-निवारण / |
||
| 246 |
_aJungle, janwar aur aadmi : paryavaran-parirakashan tatha pradooshan-nivaran / _bby Acharya Nishantketu |
||
| 260 |
_aदिल्ली _bमाईनड एंड बॉडी ग्रोथ ओरिजिन _c2004 |
||
| 270 |
_bदिल्ली _a1/6588, सी-1, रोहतास नगर (पूर्व), शाहदरा _e110032 |
||
| 300 |
_a202पृ. : _c20सेमी(सजिल्द) _bरंगीन चित्र |
||
| 650 |
_aवृक्ष और मानव _981487 |
||
| 650 |
_aजंगल -- जानवर _934 |
||
| 650 |
_aTree and human _981488 |
||
| 650 |
_aForest, animal _933349 |
||
| 942 |
_2ddc _cHN _h363.7 _mनिशांत |
||
| 999 |
_c118695 _d118695 |
||